| 000 | 00650cab a2200229 4500 | ||
|---|---|---|---|
| 001 | WB2721-48 | ||
| 008 | 090401t1991 xxu||||| |||| 00| 0 eng d | ||
| 035 | _a(Sirsi) u61176 | ||
| 041 | _aeng | ||
| 245 | _aPesticide rules | ||
| 260 | _c1991 | ||
| 350 | _a0 | ||
| 490 |
_aFarmers' Weekly _vvol 114 no 21 24/5/91 p20 |
||
| 520 | _aOutlines new EC proposals on pesticides and lists the main directives which are already Europe an law. | ||
| 650 | _aDANGEROUS SUBSTANCES DIRECTIVE | ||
| 650 | _aDRINKING WATER DIRECTIVE | ||
| 650 | _aLABELLING | ||
| 650 | _aSINGLE MARKET | ||
| 690 | _aRURAL PRACTICE | ||
| 942 | _n0 | ||
| 948 | _c04/03/1997 | ||
| 999 |
_c37844 _d37844 |
||